Convert the fraction into decimal: 1-10/? - Statistics

General Stats
  • This quiz has been taken 15 times
  • The average score is 70 of 110
Answer Stats
Fraction Decimal Which Quiz It's From % Correct
1/1 1.00 1
100%
2/2 1.00 2
100%
3/3 1.00 3
100%
4/4 1.00 4
100%
5/5 1.00 5
100%
6/6 1.00 6
100%
7/7 1.00 7
100%
8/8 1.00 8
100%
9/9 1.00 9
100%
10/10 1.00 10
100%
4/3 1.33... 4
100%
8/6 1.33... 8
100%
2/1 2.00 2
100%
4/2 2.00 4
100%
6/3 2.00 6
100%
8/4 2.00 8
100%
10/5 2.00 10
100%
1/10 0.10 1
80%
1/9 0.11... 1
80%
1/8 0.12... 1
80%
1/7 0.14... 1
80%
1/6 0.16... 1
80%
1/5 0.20 1
80%
2/10 0.20 2
80%
1/4 0.25 1
80%
2/8 0.25 2
80%
1/3 0.33... 1
80%
2/6 0.33... 2
80%
3/9 0.33... 3
80%
1/2 0.50 1
80%
2/4 0.50 2
80%
3/6 0.50 3
80%
4/8 0.50 4
80%
5/10 0.50 5
80%
2/3 0.66... 2
80%
4/6 0.66... 4
80%
6/9 0.66... 6
80%
5/2 2.50 5
80%
10/4 2.50 10
80%
3/1 3.00 3
80%
6/2 3.00 6
80%
5/1 5.00 5
80%
10/2 5.00 10
80%
2/9 0.22... 2
60%
2/7 0.28... 2
60%
3/10 0.30 3
60%
3/8 0.37... 3
60%
2/5 0.40 2
60%
4/10 0.40 4
60%
3/7 0.42... 3
60%
4/9 0.44... 4
60%
5/9 0.55... 5
60%
4/7 0.57... 4
60%
3/5 0.60 3
60%
6/10 0.60 6
60%
3/4 0.75 3
60%
6/8 0.75 6
60%
4/5 0.80 4
60%
8/10 0.80 8
60%
6/5 1.20 6
60%
5/4 1.25 5
60%
10/8 1.25 10
60%
3/2 1.50 3
60%
6/4 1.50 6
60%
9/6 1.50 9
60%
5/3 1.66... 5
60%
10/6 1.66... 10
60%
100/5 20.00 Finale Exclusive
60%
9/3 3.33... 9
60%
10/3 3.33... 10
60%
4/1 4.00 4
60%
8/2 4.00 8
60%
100/2 50.00 Finale Exclusive
60%
6/1 6.00 6
60%
5/8 0.62... 5
40%
7/10 0.70 7
40%
5/7 0.71... 5
40%
7/9 0.77... 7
40%
5/6 0.83... 5
40%
6/7 0.85... 6
40%
8/9 0.88... 8
40%
9/10 0.90 9
40%
10/1 10.00 10
40%
100/10 10.00 Finale Exclusive
40%
100/1 100.00 Finale Exclusive
40%
10/9 1.11... 10
40%
100/9 11.11... Finale Exclusive
40%
9/8 1.12... 9
40%
8/7 1.14... 8
40%
7/6 1.16... 7
40%
100/8 12.50 Finale Exclusive
40%
9/7 1.28... 9
40%
7/5 1.40 7
40%
10/7 1.42... 10
40%
100/7 14.28... Finale Exclusive
40%
8/5 1.60 8
40%
100/6 16.66... Finale Exclusive
40%
7/4 1.75 7
40%
9/5 1.80 9
40%
9/4 2.25... 9
40%
100/4 25.00 Finale Exclusive
40%
100/3 33.33... Finale Exclusive
40%
7/2 3.50 7
40%
9/2 4.50 9
40%
7/1 7.00 7
40%
9/1 9.00 9
40%
7/8 0.87... 7
20%
7/3 2.33... 7
20%
8/3 2.66... 8
20%
8/1 8.00 8
20%
No matching quizzes found
Score Distribution
Percent of People with Each Score
Percentile by Number Answered
Your Score History
You have not taken this quiz